Ville Niinistö trivia - Statistics

Yleistilastot
  • Tätä visaa on pelattu 16 kertaa
    9 viimeisimmän päivityksen jälkeen
  • Keskiarvotulos 7 / 16
Vastaustilastot
Hint Vastaus % Oikein
Hänen puolueensa Vihreät
100%
Hänen lapsuuden urheilulaji Jalkapallo
83%
Setänsä puolue Kokoomus
83%
Kotikaupunki, missä hän oli kaupunginvaltuustossa 2005-2012 Turku
83%
Hänen pääaine yliopistossa Poliittinen historia
67%
Hän sanoo olevansa tälläinen (liittyy sukupuolten tasa-arvoon) Feministi
50%
Kaupunki, jossa hän aloitti poliittisen uransa kaupunginvaltuustossa. Hän kävi myös tässä kaupungissa lukion Kaarina
50%
Hänen setänsä Sauli Niinistö
50%
Hänen roolinsa Kataisen ja Stubbin hallituksessa Ympäristöministeri
50%
Maa, josta hän teki pro gradu - tutkielmansa Lontoossa Venäjä
33%
Hänen nykyinen tyttöystävä Hennariikka Andersson
17%
Hänen kirjansa nimi Löytöretkeilijä
17%
Hän toimi tässä instituutiossa kansalais- ja kuluttajavaliokunnan puheenjohtajana Pohjoismaiden Neuvosto
17%
Hänen koiransa nimi Rusko
17%
Hän toimi puolueensa varapuheenjohtana vuosina 2005-2007, kun tämä henkilö johti puoluetta Tarja Cronberg
17%
Hänen ex-vaimonsa, entinen ruotsalainen kansanedustaja Maria Wetterstrand
0%
Ehtoja vastaavia visoja ei löytynyt
Tulosjakauma
Jokaisen tuloksen saaneiden osuus
Persentiili vastausten määrän mukaan
Tuloshistoriasi
Et ole pelannut tätä visaa sen viimeisimmän päivityksen jälkeen